32 Rules of Zombieland Quiz Stats

 Plays Quiz not verified by Sporcle

Score 0/21 Timer 10:00
0 Plays Today
Number Rule % Correct
1.Cardio
81.9%
4.Doubletap
78.8%
17.Be A Hero
62.3%
32.Enjoy the Little Things
60.5%
3.Seatbelts
55.5%
31.Check the Back Seat
50.6%
18.Limber Up
50.2%
2.Beware of Bathrooms
48.3%
15.Know Your Way Out!
26%
5.No Attachments
7.1%
6.Travel in a Group
6.1%
Number Rule % Correct
10.Be Quiet
5.1%
24.No Drinking
5%
23.God Bless Rednecks
4.8%
9.Guns Are for Hunting, Not for Zombie Killing
4.7%
19.Blend In
4.5%
21.Zombies Can't Climb
4.5%
7.Keep the Dumb Dumbs Close at Hand
4%
8.Kill with Efficiency
4%
22.Be Ruthless
4%
20.Find The Right Shelter
3.9%

You're not logged in!

Compare scores with friends on all Sporcle quizzes.
OR
Log In

Sporcle TV

Today on Sporcle TV


Watch our educational content, quiz creation guides, and fun videos on Sporcle TV.

Show Comments

Extras

Top Quizzes Today


Score Distribution

Your Account Isn't Verified!

In order to create a playlist on Sporcle, you need to verify the email address you used during registration. Go to your Sporcle Settings to finish the process.

Report this User

Report this user for behavior that violates our Community Guidelines.

Details: